000 00585nam a2200229Ia 4500
003 OSt
005 20221007071913.0
006 a|||||r|||| 00| 0
007 ta
008 221006b |||||||| |||| 00| 0 eng d
024 _a12,517
037 _cTextual
040 _aFLL
_cFLL
_beng
041 _2eng
_aeng
082 _aV3:2:9Z, H1
100 _aDicey A.V.
245 0 _aLaw of the constitution
260 _aLondon
_bMacmillan and Co. Ltd. London
_c1941
300 _a681p
_ccm.
942 _hV3:2:9Z, H1
_cTEXL
_2CC
999 _c1144633
_d1144633